|
|
|
|
| LEADER |
01091nam a22002777a 4500 |
| 001 |
AAL7401 |
| 003 |
BD-DhAAL |
| 005 |
20151230180634.0 |
| 008 |
151230s 1998ilu||||| |||| 001 0 eng d |
| 020 |
|
|
|a 0314141162
|
| 040 |
|
|
|a BD-DhAAL
|c BD-DhAAL
|
| 082 |
|
|
|a 320.473
|
| 100 |
|
|
|a Miller, Roger LeRoy
|9 17051
|
| 245 |
|
|
|a NTC's American government /
|c Roger LeRoy Miller
|
| 250 |
|
|
|a 2nd ed.
|
| 260 |
|
|
|a Lincolnwood :
|b National Textbook,
|c c1999.
|
| 300 |
|
|
|a xxii, 855 pages :
|b color illustrations, color maps ;
|c 26 cm.
|
| 500 |
|
|
|a Includes index.
|
| 541 |
|
|
|e 7401
|
| 650 |
|
|
|a United States
|9 17052
|
| 650 |
|
|
|a Politics and government
|9 17053
|
| 651 |
|
|
|a United States.
|9 17054
|
| 942 |
|
|
|2 ddc
|c BK
|
| 999 |
|
|
|c 36471
|d 36471
|
| 952 |
|
|
|0 0
|1 0
|2 ddc
|4 0
|6 320_473000000000000_MIL
|7 0
|9 57419
|a SCL
|b SCL
|c GEN
|d 2015-12-30
|e Gift: The Asia Foundation
|l 0
|o 320.473 MIL
|p 3020007401
|r 2015-12-30
|t 1
|w 2015-12-30
|y BK
|
| 952 |
|
|
|0 0
|1 0
|2 ddc
|4 0
|6 320_473000000000000_MIL
|7 0
|9 59661
|a SCL
|b SCL
|c GEN
|d 2016-10-02
|e Gift: The Asia Foundation
|l 0
|o 320.473 MIL
|p 3020007408
|r 2016-10-02
|t 2
|w 2016-10-02
|y BK
|